Forma de la ausencia, sonata claro de luna, otros poemas

-д хадгалсан:
Номзүйн дэлгэрэнгүй
Үндсэн зохиолчид: Ritsos, Yanis (Зохиогч), Castillo Didier, Miguel (Зохиогч)
Формат: Ном
Хэл сонгох:испани
Хэвлэсэн: Santiago Universitaria 1993
Хэвлэл:2a. ed
Цуврал:Centro de Estudios Bizantinos y Neohelenicos Fotios Malleros
Нөхцлүүд:
Шошгууд: Шошго нэмэх
Шошго байхгүй, Энэхүү баримтыг шошголох эхний хүн болох!

MARC

LEADER 00000nam a2200000 a 4500
001 UCX9388
003 CL-VaPUC
008 940606e19930000CL |||||||||||||||||spa|d
082 0 4 |a 889.01  |b RIT  |2 21 
100 0 |a Ritsos, Yanis  |e author  |9 326780 
700 0 |a Castillo Didier, Miguel  |e author  |9 326781 
245 1 0 |a Forma de la ausencia, sonata claro de luna, otros poemas 
250 |a 2a. ed 
300 |a 56 p 
942 |c BK 
945 |d 19940606 00:00:00  |a oaravena 
260 |a Santiago  |b Universitaria  |c 1993 
650 0 |a Poesía griega  |9 265627 
583 |a last modification  |c 19940606 00:00:00  |k Rodrigo Vera 
490 0 |a Centro de Estudios Bizantinos y Neohelenicos Fotios Malleros 
999 |c 228646  |d 228644 
952 |0 0  |1 0  |4 0  |6 889_010000000000000_RIT_1993  |7 0  |8 A  |9 228940  |a BIBEDU  |b BIBEDU  |d 2019-11-15  |i 2971410  |o 889.01 RIT 1993  |p 2971410  |r 2019-11-15  |w 2019-11-15  |y BK  |k LIT